[Event "TCh-HUN 2008-9"]
[Site "Budapest HUN"]
[Date "2008.12.21"]
[Round "4"]
[White "Szalai,K"]
[Black "Kun,G"]
[Result "1/2-1/2"]
[WhiteElo "2308"]
[BlackElo "2330"]

1.Nf3 f5 2.d4 Nf6 3.c4 g6 4.g3 Bg7 5.Bg2 O-O 6.O-O d6 7.Nc3 Nc6 8.d5 Na5
9.Nd2 c5 10.Qc2 a6 11.Rb1 e5 12.a3 Qc7 13.e4 f4 14.Qd3 b6 15.b4 Nb7 16.f3 g5
17.g4 h5 18.h3 Bd7 19.b5 a5 20.Nd1 Nd8 21.Nf2 Nf7 22.Rd1 Nh8 23.Nf1 Ng6 24.Nh2 Kf7
25.Bd2 Rh8 26.Kf1 Nh4 27.Bh1 Raf8 28.Ke2 Ke8 29.Rg1 Kd8 30.Rbf1 Be8 31.Kd1 Bg6
32.Kc1 Kc8 33.Kb2 Kb7 34.Ka2 Bh6 35.Kb2 Qh7 36.Re1 Rf7 37.Ka2 Rhf8 38.Nf1 Ng8
39.Rb1 Rf6 40.Qc2 Ne7 41.Qa4 R6f7 42.Bc3 hxg4 43.hxg4 Bg7 44.Nd2 Bf6  1/2-1/2

[Event "TCh-HUN 2008-9"]
[Site "Budapest HUN"]
[Date "2008.12.21"]
[Round "4"]
[White "Kallai,G"]
[Black "Grunberg,M"]
[Result "0-1"]
[WhiteElo "2462"]
[BlackElo "2398"]

1.d4 f5 2.g3 Nf6 3.Bg2 g6 4.Nf3 Bg7 5.O-O O-O 6.c4 c6 7.Nc3 d6 8.d5 Bd7 9.Rb1 a5
10.b3 Na6 11.Nd4 Qb6 12.e3 Rfd8 13.Bb2 Nc7 14.e4 e5 15.dxe6 Nxe6 16.Na4 Qa6
17.exf5 Nxd4 18.Qxd4 Bxf5 19.Rbd1 Rd7 20.Qb6 Rdd8 21.Rfe1 Qxb6 22.Nxb6 Rab8
23.Bc3 a4 24.bxa4 Nd7 25.Ba5 Nc5 26.Re3 Bh6 27.f4 g5 28.h3 gxf4 29.gxf4 Bxf4
30.Rf3 Bc2 31.Rd4 Be5 32.Rd2 Bg6 33.Bb4 Ne4 34.Rdd3 Ng5 35.Rg3 Bxd3 36.Rxd3 Ne6
37.a5 Kf7 38.Bd2 Ke7  0-1

[Event "Open"]
[Site "Pamplona ESP"]
[Date "2008.12.23"]
[Round "3"]
[White "Lakunza Oyarbide,J"]
[Black "Navarro Cia,M"]
[Result "0-1"]
[WhiteElo "2122"]
[BlackElo "2318"]

1.d4 f5 2.c4 Nf6 3.Nf3 g6 4.g3 Bg7 5.Bg2 O-O 6.O-O d6 7.Nc3 Qe8 8.b3 c6 9.Bb2 e5
10.dxe5 dxe5 11.e3 e4 12.Nd4 Nbd7 13.Qc2 Ne5 14.Ba3 Rf7 15.Rae1 Qd8 16.f3 exf3
17.Nxf3 Nxf3+ 18.Bxf3 Qa5 19.Bd6 Ne8 20.b4 Qa6 21.Bc5 Qxc4 22.Bd4 Qxb4 23.Rb1 Qe7
24.Bxg7 Kxg7 25.Kg2 Nf6 26.e4 Be6 27.Rbe1 Qd7 28.Na4 fxe4  0-1

[Event "17th Donau Open"]
[Site "Aschach AUT"]
[Date "2008.12.26"]
[Round "1"]
[White "Neubauer,M"]
[Black "Bachmayer,J"]
[Result "1-0"]
[WhiteElo "2422"]
[BlackElo "2096"]

1.d4 f5 2.g3 Nf6 3.Bg2 g6 4.Nf3 Bg7 5.O-O O-O 6.c4 d6 7.Nc3 Qe8 8.Nd5 Nxd5
9.cxd5 c6 10.Qb3 Kh8 11.Be3 cxd5 12.Qxd5 Nc6 13.Rac1 Qd7 14.Rfd1 e6 15.Qb3 Ne7
16.Ne1 Nd5 17.Bxd5 exd5 18.Rc2 h6 19.h4 Qe7 20.Rdc1 g5 21.hxg5 hxg5 22.Qxd5 Qf6
23.Ng2 Be6 24.Qxb7 Rab8 25.Qxa7 Bd5 26.f3 Qh6 27.Qa5 Ba8 28.Qd2 Bf6 29.d5 f4
30.gxf4 gxf4 31.Bxf4 Qh3 32.Kf2 Rg8 33.Rg1 Rg6 34.e4 Rbg8 35.Ke3 Be5 36.Qd1 Bxf4+
37.Nxf4 Rxg1 38.Qxg1 Qxf3+ 39.Kxf3 Rxg1 40.Rc8+  1-0

[Event "XX Open"]
[Site "Roquetas de Mar ESP"]
[Date "2009.01.04"]
[Round "5"]
[White "Granero Roca,A"]
[Black "Herraiz Hidalgo,H"]
[Result "1/2-1/2"]
[WhiteElo "2386"]
[BlackElo "2510"]

1.d4 f5 2.g3 Nf6 3.Bg2 g6 4.Nf3 Bg7 5.c4 O-O 6.O-O d6 7.Nc3 Qe8 8.d5 Na6
9.Rb1 Bd7 10.b4 c6 11.dxc6 bxc6 12.b5 cxb5 13.cxb5 Nc5 14.a4 Rc8 15.Bb2 h6
16.Nd4 Qf7 17.Ba1 Nfe4  1/2-1/2

[Event "Australian Open"]
[Site "Manly Sydney AUS"]
[Date "2009.01.07"]
[Round "7"]
[White "Ayvazyan,A"]
[Black "Broekhuyse,P"]
[Result "0-1"]
[WhiteElo "2232"]
[BlackElo "2116"]

1.Nf3 f5 2.d4 Nf6 3.g3 g6 4.Bg2 Bg7 5.O-O O-O 6.c4 d6 7.Nc3 Qe8 8.d5 Na6
9.Rb1 e5 10.dxe6 Bxe6 11.Nd4 c6 12.Nxe6 Qxe6 13.b3 Ne4 14.Nxe4 fxe4 15.Be3 d5
16.cxd5 cxd5 17.Bd4 Bh6 18.b4 Nb8 19.b5 Nd7 20.Qb3 Nb6 21.Ba1 Rf7 22.Rbd1 Nc4
23.Qc3 Bg7 24.Qc1 Bxa1 25.Qxa1 Rd7 26.Qd4 Rad8 27.e3 b6 28.Rc1 Ne5 29.f4 Nd3
30.Rc6 Rd6 31.Rd1 Nc5 32.Rxd6 Rxd6 33.Bf1 Rd7 34.Be2 h5 35.Rd2 Qe7 36.Bd1 Qg7
37.Bb3 Qxd4 38.Rxd4 Nxb3 39.axb3 Kf7 40.h3 Ke6 41.g4 hxg4 42.hxg4 Rc7 43.Kf2 Rc2+
44.Kg3 Re2 45.Kh4 Rxe3 46.Kg5 Rg3 47.Rd1 e3  0-1

[Event "Queenstown Classic"]
[Site "Queenstown NZL"]
[Date "2009.01.21"]
[Round "7"]
[White "Goldenberg,I"]
[Black "West,G"]
[Result "1-0"]
[WhiteElo "2398"]
[BlackElo "2346"]

1.Nf3 f5 2.g3 Nf6 3.Bg2 g6 4.O-O Bg7 5.d4 O-O 6.c4 d6 7.Nc3 Nc6 8.d5 Ne5
9.Nxe5 dxe5 10.c5 e6 11.e4 f4 12.b4 exd5 13.exd5 a5 14.b5 Bg4 15.f3 Bf5 16.Qb3 Kh8
17.Ba3 Re8 18.Rfe1 fxg3 19.hxg3 h5 20.Rad1 Qd7 21.Qc4 Qf7 22.c6 bxc6 23.bxc6 g5
24.Bc1 g4 25.f4 exf4 26.Bxf4 Rxe1+ 27.Rxe1 Re8 28.Rd1 h4 29.gxh4 Ne4 30.Nxe4 Bxe4
31.Rf1 Bxg2 32.Kxg2 Rd8 33.Bd6 Qh5 34.Bxc7 Rxd5 35.Bf4 Rc5 36.Qe4 Qf7 37.Rd1 Rf5
38.c7  1-0

[Event "7th Gibtelecom Masters"]
[Site "Caleta ENG"]
[Date "2009.02.01"]
[Round "6"]
[White "Pantaleoni,C"]
[Black "Demac,E"]
[Result "0-1"]
[WhiteElo "2211"]
[BlackElo "1993"]

1.Nf3 f5 2.g3 Nf6 3.Bg2 g6 4.O-O Bg7 5.d4 O-O 6.c4 d6 7.Nc3 Qe8 8.Nd5 Nxd5
9.cxd5 Qb5 10.Ng5 c6 11.a4 Qc4 12.Be3 f4 13.Bxf4 Qxd4 14.Qxd4 Bxd4 15.Rab1 Bg7
16.e4 h6 17.Nf3 cxd5 18.exd5 Bf5 19.Rbc1 Na6 20.b3 Nc5 21.Nd2 Bb2 22.Rxc5 dxc5
23.Bxh6 Bg7 24.Bxg7 Kxg7 25.Re1 Rfe8 26.Nc4 Rad8 27.h3 Kf6 28.f4 Rb8 29.g4 Bc2
30.Re6+ Kg7 31.Ne5 Rbd8 32.f5 gxf5 33.Rg6+ Kh7 34.Rg5 fxg4 35.Rxg4 Rd6 36.Rc4 Bxb3
37.Be4+ Kg7 38.Rxc5 b6 39.Rc3 Bxd5 40.Rg3+ Kf6 41.Ng4+ Ke6 42.Bg6 Rc8 43.Ne3 Kd7
44.Nf5 Rf6  0-1

[Event "2nd Pfalz Open"]
[Site "Neustadt an der Weinstrasse GER"]
[Date "2009.02.19"]
[Round "6"]
[White "Kuzubov,Y"]
[Black "Meijers,V"]
[Result "1-0"]
[WhiteElo "2626"]
[BlackElo "2493"]

1.Nf3 f5 2.d4 Nf6 3.g3 g6 4.Bg2 Bg7 5.O-O O-O 6.c4 c6 7.Nc3 Ne4 8.Qd3 Nxc3
9.bxc3 d6 10.e4 e5 11.Ba3 fxe4 12.Qxe4 Re8 13.dxe5 Bf5 14.Qe3 dxe5 15.Rfd1 Nd7
16.Nd2 Qb6 17.c5 Qc7 18.Nc4 Be6 19.Nd6 Rf8 20.Rab1 b6 21.Qe4 Nxc5 22.Bxc5 bxc5
23.Rb7 Qd8 24.Qxc6 Qf6 25.Ne4 Qf5 26.Re7 Bxa2 27.Rdd7 Bh8 28.Qb7 g5 29.g4 Qg6
30.Rd6 Rab8 31.Rxg6+ hxg6 32.Qa6 Rb1+ 33.Bf1 Bf7 34.Rxf7 Rxf7 35.Qxg6+  1-0

[Event "It A"]
[Site "Nancy FRA"]
[Date "2009.02.20"]
[Round "7"]
[White "Nezar,M"]
[Black "Bauer,Ch"]
[Result "0-1"]
[WhiteElo "2399"]
[BlackElo "2610"]

1.d4 f5 2.g3 Nf6 3.Bg2 g6 4.Nf3 Bg7 5.O-O O-O 6.c4 c6 7.Nc3 d6 8.b4 Kh8 9.Rb1 Nbd7
10.c5 Nh5 11.Ng5 Ndf6 12.Qb3 d5 13.b5 Ne4 14.Ngxe4 fxe4 15.bxc6 bxc6 16.Qa4 Qc7
17.Be3 e5 18.dxe5 Bxe5 19.Bd4 Bxd4 20.Qxd4+ Qg7 21.Qxg7+ Nxg7 22.f3 e3 23.Rfc1 Ba6
24.f4 Ne6 25.Nd1 g5 26.Nxe3 gxf4 27.Nc2 Rab8 28.Bf1 fxg3 29.hxg3 Rxb1 30.Rxb1 Nxc5
31.Nd4 Ne4 32.Nxc6 Nxg3 33.Nxa7 Nxe2+ 34.Bxe2 Bxe2 35.Nc6 Ra8 36.Rb2 Bc4
37.Nb4 Kg7 38.Rd2 Ra5 39.Kf2 Rb5 40.Nc6 Rb6 41.Ne5 Ra6 42.Nxc4 dxc4 43.Rc2 Ra4
44.Ke3 h5 45.Kd4 Kh6 46.Kc5 Ra8 47.Kb5 Rb8+ 48.Ka5 c3 49.a4 Rb3 50.Ka6 Kg5
51.a5 Kf4 52.Ka7 Ke3 53.Rh2 Rb5 54.a6 Kd3 55.Rh3+ Kc4 56.Ka8 c2 57.a7 Rd5
58.Rh1 Rd1 59.Kb7 Rxh1 60.a8=Q Rb1+ 61.Kc7 c1=Q 62.Qe4+ Kb5+ 63.Kd7 Qd2+
64.Kc7 Rc1+  0-1

[Event "2nd Pfalz Open"]
[Site "Neustadt an der Weinstrasse GER"]
[Date "2009.02.21"]
[Round "8"]
[White "Jankovic,A"]
[Black "Muzychuk,M"]
[Result "1/2-1/2"]
[WhiteElo "2571"]
[BlackElo "2427"]

1.d4 f5 2.g3 Nf6 3.Bg2 g6 4.Nf3 Bg7 5.O-O O-O 6.c4 d6 7.Nc3 e6 8.b4 Nbd7
9.Qb3 Qe7 10.c5 Ne4 11.Nxe4 fxe4 12.Ng5 d5 13.Be3 c6 14.f3 h6 15.Nh3 exf3
16.exf3 e5 17.Rae1 Qf6 18.Nf2 Kh7 19.Rd1 Qf7 20.f4 exd4 21.Bxd4 b6 22.cxb6 Bxd4
23.Rxd4 Qg7 24.Rdd1 Nxb6 25.Rfe1 Bf5 26.Qe3 Bd7 27.Nd3 Rfe8 28.Ne5 Nc4 29.Qd4 Nxe5
30.fxe5 Re7 31.Re3 Rae8 32.Rde1 Bf5 33.g4 Bc8 34.Bf1 Qf7 35.Bd3 Qe6 36.Rf3 Qxg4+
37.Qxg4 Bxg4 38.Rf6 Bf5 39.Bxf5 gxf5 40.Rxc6 Rb8 41.a3 Rb5 42.Kf2 d4 43.Ra6 d3
44.Re3 Rd5 45.Rd6 Rexe5 46.Rxd3 Rxd6 47.Rxd6 a5 48.Rb6 axb4 49.axb4 Re4 50.Rb8 Kg6
51.b5 Rb4 52.b6 Rb3 53.b7 Kg7 54.Ke2 f4 55.Kf2 Kh7  1/2-1/2

[Event "FSGM March"]
[Site "Budapest HUN"]
[Date "2009.03.13"]
[Round "7"]
[White "Nguyen Huynh Minh Huy"]
[Black "Ilincic,Z"]
[Result "0-1"]
[WhiteElo "2465"]
[BlackElo "2555"]

1.d4 f5 2.g3 Nf6 3.Bg2 g6 4.Nf3 Bg7 5.c4 O-O 6.O-O d6 7.Nc3 Nc6 8.d5 Ne5
9.Nxe5 dxe5 10.Qb3 h6 11.Rd1 g5 12.c5 Kh8 13.Nb5 a6 14.Na3 e4 15.Be3 e5 16.dxe6 Qe7
17.Bd4 c6 18.Nc4 Bxe6 19.Qc2 Bxc4 20.Qxc4 Nd5 21.e3 Rae8 22.Rd2 f4 23.exf4 gxf4
24.Bxg7+ Kxg7 25.Qd4+ Kh7 26.Re1 f3 27.Bf1 Rf5 28.b4 Re5 29.a3 Qg5 30.Rc2 R8e7
31.Rc4 Nf6 32.Qc3 Rd5 33.Bh3 Kg6 34.Rd4 Qh5 35.Bf1 Qe5 36.Rc4 Qf5 37.Qc1 Red7
38.Rc2 Rd4 39.h3 R7d5 40.Kh2 Qd7 41.Qf4 Rd2 42.Rxd2 Rxd2 43.Qe3 h5 44.Rc1 Qd4
45.Qxd4 Rxd4 46.Bc4 Kf5 47.Rc2 Ke5 48.a4 Nd5 49.Bxd5 cxd5 50.Rb2 Rc4  0-1

[Event "10th EICC"]
[Site "Budva MNE"]
[Date "2009.03.15"]
[Round "9"]
[White "Antic,De"]
[Black "Zolotukhin,V"]
[Result "1-0"]
[WhiteElo "2495"]
[BlackElo "2358"]

1.d4 f5 2.g3 g6 3.Bg2 Bg7 4.Nf3 Nf6 5.O-O O-O 6.c4 d6 7.Nc3 Qe8 8.d5 a5 9.Nd4 Na6
10.b3 Nc5 11.Bb2 Rb8 12.Qd2 b6 13.a3 Bb7 14.b4 e5 15.dxe6 Bxg2 16.Kxg2 Nxe6
17.Nxe6 Qxe6 18.Nd5 Ne4 19.Qc2 Bxb2 20.Qxb2 c6 21.Nf4 Qe5 22.Qc2 g5 23.Nd3 Qe6
24.Rad1 Rbe8 25.Qc1 Qh6 26.h4 f4 27.hxg5 Qxg5 28.Nxf4 Re7 29.Rd4 Qg4 30.e3 d5
31.cxd5 cxd5 32.Qd1 Qg7 33.Qb3 Kh8 34.Qxd5 Nf6 35.Qd6 Rd7 36.Qxb6 Rb7 37.Qxa5 Ng4
38.Rd8 Rb8 39.Rxb8 Rxb8 40.Qd5 Rf8 41.Qd4  1-0

[Event "3rd Georgi Agzamov Mem"]
[Site "Tashkent AZE"]
[Date "2009.03.16"]
[Round "1"]
[White "Kasimdzhanov,R"]
[Black "Khamroev,R"]
[Result "1-0"]
[WhiteElo "2687"]
[BlackElo "2206"]

1.d4 f5 2.Nf3 Nf6 3.g3 g6 4.Bg2 Bg7 5.O-O O-O 6.c4 d6 7.Nc3 Qe8 8.d5 Na6
9.Ne1 Bd7 10.Nd3 c5 11.a4 Nb4 12.Nb5 Qc8 13.Bd2 a6 14.Nc3 Ng4 15.Nf4 Qe8
16.Ra3 Ne5 17.b3 Rb8 18.a5 h6 19.Na4 g5 20.Ne6 Bxe6 21.dxe6 Nbc6 22.f4 Ng4
23.e3 Qg6 24.Nb6 Rbd8 25.Nd7 Rxd7 26.exd7 e5 27.fxg5 e4 28.Bxe4 Qh5 29.Bd5+ Kh8
30.Qe2 Nce5 31.Rxf5 Rxf5 32.d8=Q+ Rf8 33.Qxd6 Qh3 34.Ra1  1-0

[Event "TCh-BEL 2008-9"]
[Site "Belgium BEL"]
[Date "2009.03.22"]
[Round "11"]
[White "Dambacher,M"]
[Black "Nijboer,F"]
[Result "1-0"]
[WhiteElo "2485"]
[BlackElo "2540"]

1.d4 f5 2.g3 Nf6 3.Bg2 g6 4.Nf3 Bg7 5.O-O O-O 6.c4 d6 7.Nc3 Qe8 8.d5 a5 9.Nd4 Na6
10.e4 Nxe4 11.Nxe4 fxe4 12.Bxe4 Bh3 13.Re1 Nc5 14.Bh1 Qf7 15.Be3 Rae8 16.Qd2 b6
17.Re2 Kh8 18.Rae1 e5 19.dxe6 Nxe6 20.Bd5 Qd7 21.Bh6 Nd8 22.Bxg7+ Kxg7 23.Qc3 Kh6
24.Re4 g5 25.Qd2 Rxe4 26.Rxe4 Kg6 27.Qd3 Bf5 28.Nxf5 Qxf5 29.Re6+ Nxe6 30.Be4 h5
31.Qd5 Ng7 32.h3 Kh6 33.Bxf5 Rxf5 34.Qg8 Kg6 35.b3 Rf7 36.Kg2 Re7 37.Qd8 Kf6
38.a3 Kf7 39.Kf1 Kf6 40.Qa8 Kg6 41.Qd5 Re5 42.Qc6 Re7 43.c5 bxc5 44.Qa4 Nf5
45.Qxa5 g4 46.hxg4 hxg4 47.Qc3 Nd4 48.a4 Nf3 49.a5 d5 50.a6 d4 51.Qc2+ Kf6
52.Qc1 Kg6 53.a7 Re8 54.Qa1  1-0

[Event "ArcelorMittal Open"]
[Site "Frydek Mistek CZE"]
[Date "2009.04.10"]
[Round "3"]
[White "Krejci,Jan1"]
[Black "Bernasek,J"]
[Result "0-1"]
[WhiteElo "2117"]
[BlackElo "2443"]

1.Nf3 g6 2.c4 Bg7 3.g3 f5 4.d4 Nf6 5.Bg2 O-O 6.O-O d6 7.Nc3 Qe8 8.d5 a5 9.Nd4 Na6
10.Re1 Nc5 11.e3 Nfe4 12.Qc2 Qf7 13.Rb1 Bd7 14.b3 Nxc3 15.Qxc3 Ne4 16.Qc2 c5
17.Ne2 b5 18.Bb2 b4 19.Bxg7 Qxg7 20.Qb2 a4 21.Qxg7+ Kxg7 22.f4 axb3 23.axb3 Ra2
24.Nc1 Rd2 25.Ra1 Nc3 26.Bf3 Rb2 27.Rf1 Rb1 28.Ra7 Rd8 29.Kf2 Kf6 30.Re1 e6
31.dxe6 Bxe6 32.Ra6 Ke7 33.h3 Rb2+ 34.Kf1 Ne4 35.Bxe4 fxe4 36.g4 d5 37.Rc6 dxc4
38.Rxc5 cxb3 39.Rc7+ Rd7 40.Rxd7+ Bxd7 41.Rd1 Rb1  0-1

[Event "FSGM April"]
[Site "Budapest HUN"]
[Date "2009.04.11"]
[Round "8"]
[White "To,N"]
[Black "Ilincic,Z"]
[Result "0-1"]
[WhiteElo "2367"]
[BlackElo "2545"]

1.d4 f5 2.g3 Nf6 3.Bg2 g6 4.Nf3 Bg7 5.O-O O-O 6.c4 d6 7.Nc3 Nc6 8.d5 Ne5
9.Nxe5 dxe5 10.Qb3 h6 11.c5 Kh8 12.Rd1 g5 13.Nb5 a6 14.Na3 e4 15.Be3 e5 16.c6 bxc6
17.dxc6 Qe8 18.Rac1 Be6 19.Qa4 Qh5 20.f3 f4 21.Bc5 exf3 22.exf3 g4 23.Rd3 Rfd8
24.Qd1 Rxd3 25.Qxd3 fxg3 26.hxg3 gxf3 27.Qxf3 Ng4 28.b4 e4 29.Qxe4 Qh2+ 30.Kf1 Qxg3
31.Rc2 Rd8 32.Bf3 Nf6 33.Qe3 Bh3+  0-1

[Event "47th Doeberl Cup Premier"]
[Site "Canberra AUS"]
[Date "2009.04.11"]
[Round "5"]
[White "Rej,T"]
[Black "Reinderman,D"]
[Result "1/2-1/2"]
[WhiteElo "2308"]
[BlackElo "2560"]

1.d4 f5 2.g3 Nf6 3.Bg2 g6 4.c4 Bg7 5.Nf3 O-O 6.O-O d6 7.d5 c5 8.Nc3 Na6 9.Rb1 h6
10.b3 g5 11.Bb2 Qe8 12.e3 Nc7 13.Qe2 a6 14.Na4 Nd7 15.Bxg7 Kxg7 16.Nd2 e5
17.dxe6 Qxe6 18.f4 Rb8 19.Nc3 b5 20.e4 bxc4 21.Nxc4 fxe4 22.Qxe4 gxf4 23.gxf4 Qf6
24.Qd3 Qd4+ 25.Qxd4+ cxd4 26.Ne2 d3 27.Ng3 Nb5 28.Rbd1 Nc5 29.b4 Be6 30.Nxd6 Nxd6
31.bxc5 Nf7 32.Be4 Rfc8 33.c6 Bxa2 34.f5 Kf8 35.Bxd3 Rxc6 36.Ra1 Bd5 37.Rxa6 Ng5
38.Rfa1 Rb2 39.Rxc6 Nf3+ 40.Kf1 Nxh2+ 41.Ke1 Nf3+ 42.Kd1 Bxc6 43.Be4 Bxe4  1/2-1/2

[Event "47th Doeberl Cup Premier"]
[Site "Canberra AUS"]
[Date "2009.04.11"]
[Round "6"]
[White "Zulfic,F"]
[Black "Nguyen Thu Giang"]
[Result "1-0"]
[WhiteElo "1971"]
[BlackElo "2105"]

1.d4 f5 2.c4 Nf6 3.Nf3 g6 4.g3 Bg7 5.Bg2 O-O 6.O-O d6 7.Nc3 Qe8 8.d5 Na6
9.Re1 Nc5 10.Qc2 Bd7 11.Be3 Nce4 12.Nxe4 Nxe4 13.Nd2 Nf6 14.Bd4 c5 15.Bc3 Qf7
16.f4 e6 17.e4 exd5 18.e5 dxe5 19.fxe5 Ne4 20.cxd5 Qxd5 21.Nxe4 fxe4 22.Bxe4 Qc4
23.Rad1 Be6 24.Rd6 Qxa2 25.Bxb7 Rab8 26.Qg2 Kh8 27.Bd5 Bxd5 28.Qxd5 Qxd5
29.Rxd5 Rbc8 30.Rd7 Ra8 31.e6 Bxc3 32.bxc3 Rfd8 33.Re5 Re8 34.Rxc5 Rxe6 35.Rcc7 a5
36.Rxh7+ Kg8 37.c4 a4 38.Rcg7+ Kf8 39.Rh8+ Kxg7 40.Rxa8 Re2 41.Rxa4 Rc2 42.Ra7+ Kf6
43.Rc7 Kg5 44.h3 Kf5 45.Rf7+ Ke4 46.Rf4+ Ke3 47.Rg4 Kf3 48.Rxg6 Rg2+ 49.Kh1 Rc2
50.h4 Rxc4 51.Kh2  1-0

[Event "11th European Senior Team"]
[Site "Velden AUT"]
[Date "2009.04.12"]
[Round "8"]
[White "Vucenovic,D"]
[Black "Vasiukov,E"]
[Result "1/2-1/2"]
[WhiteElo "2296"]
[BlackElo "2482"]

1.d4 f5 2.Nf3 Nf6 3.g3 g6 4.Bg2 Bg7 5.O-O O-O 6.c4 d6 7.Nc3 Qe8 8.d5 a5 9.Be3 Na6
10.Qd2 Bd7 11.Bh6 c6 12.Bxg7 Kxg7 13.e4 fxe4 14.Ng5 Nc5 15.Ncxe4  1/2-1/2

[Event "CCF Easter"]
[Site "Coulsdon ENG"]
[Date "2009.04.13"]
[Round "1"]
[White "Cox,JohnJ"]
[Black "Berelowitsch,A"]
[Result "1/2-1/2"]
[WhiteElo "2367"]
[BlackElo "2581"]

1.d4 f5 2.g3 Nf6 3.Bg2 g6 4.Nf3 Bg7 5.O-O O-O 6.c4 d6 7.Nc3 Qe8 8.d5 Na6
9.Rb1 Nc5 10.Ng5 a5 11.Be3 h6 12.Bxc5 hxg5 13.Be3 f4 14.gxf4 Ng4 15.fxg5 Be5
16.h3 Nxe3 17.fxe3 Bf5 18.e4 Bd7 19.Qd2 Rxf1+ 20.Rxf1 Kg7 21.Nd1 Qh8 22.Rf3 Rf8
23.Nf2 Qh4 24.Nd3 Bg3 25.Qe3 Rxf3 26.exf3 Bxh3 27.Bxh3 Qxh3 28.Qe2 Qh5 29.Qe3 Qh3
30.Qe2 a4 31.a3 Kf7 32.Qg2 Qh4 33.Qh1 Qxg5 34.Qh7+ Kf8 35.Qh8+  1/2-1/2

[Event "IV Tch-ESP Selecciones Autonomicas"]
[Site "Villava ESP"]
[Date "2009.05.01"]
[Round "3"]
[White "Gomez Esteban,J"]
[Black "Herraiz Hidalgo,H"]
[Result "1/2-1/2"]
[WhiteElo "2495"]
[BlackElo "2520"]

1.d4 f5 2.g3 Nf6 3.Nf3 g6 4.Bg2 Bg7 5.O-O O-O 6.c4 d6 7.Nc3 Qe8 8.d5 Na6
9.Nd4 Bd7 10.e4 fxe4 11.Nxe4 Nxe4 12.Bxe4 c6 13.Bg2 Nc7 14.a4 a6 15.Ra2 cxd5
16.cxd5 Qf7  1/2-1/2

[Event "84th ch-ARG Semifinal"]
[Site "La Plata ARG"]
[Date "2009.05.02"]
[Round "4"]
[White "Pereyra Arcija,D"]
[Black "Claverie,R"]
[Result "1/2-1/2"]
[WhiteElo "2396"]
[BlackElo "2374"]

1.d4 f5 2.g3 Nf6 3.Bg2 g6 4.c4 Bg7 5.Nf3 O-O 6.O-O d6 7.Nc3 Nc6 8.d5 Ne5
9.Nxe5 dxe5 10.Qb3 h6 11.c5 Kh8 12.Rd1 a6 13.Bd2 g5 14.Na4 Qe8 15.Ba5 Bd7
16.c6 bxc6 17.dxc6 Bxc6 18.Bxc6 Qxc6 19.Rac1 Qb5 20.Bxc7 Ra7 21.Qxb5 axb5
22.Nb6 Rxa2  1/2-1/2

[Event "TCh-NED 2008-9"]
[Site "Netherlands NED"]
[Date "2009.05.10"]
[Round "9"]
[White "L'Ami,E"]
[Black "Bosch,Je"]
[Result "0-1"]
[WhiteElo "2610"]
[BlackElo "2444"]

1.d4 f5 2.g3 Nf6 3.Bg2 g6 4.Nf3 Bg7 5.O-O O-O 6.c4 d6 7.Nc3 Qe8 8.Nd5 Nxd5
9.cxd5 Nd7 10.Qc2 Nb6 11.Ng5 h6 12.Ne6 Bxe6 13.dxe6 c6 14.e4 fxe4 15.Qxe4 d5
16.Qd3 Nc4 17.Re1 Nd6 18.Bf4 Nf5 19.Be5 Bxe5 20.Rxe5 Rf6 21.Rae1 Qf8 22.f4 Qg7
23.g4 Nd6 24.Rf1 Raf8 25.Qg3 g5 26.f5 a6 27.b3 h5 28.h3 hxg4 29.hxg4 Rh6
30.Rf2 Qf6 31.Bf3 Kg7 32.Rh2 Rxh2 33.Qxh2 Rh8 34.Qf2 Qh6 35.a4 Qf6 36.Qg3 Rh4
37.Kf1 Qh6 38.Re2 Rh3 39.Qe5+ Qf6 40.Rf2 Rh8 41.Ke2 Rh3 42.Kd2 a5 43.Kc2 Rh8
44.Rf1 Rh3 45.Kd2 Rh8 46.Ke3 Rh3 47.Ke2 Rh4 48.Rc1 Rh8 49.Ke3 Rh3 50.Rc5 Nxf5+
51.gxf5 g4 52.Kf4 Rxf3+ 53.Kxg4 Rd3 54.Kh5 Rh3+ 55.Kg4 Rh4+ 56.Kf3 Rxd4 57.Qg3+ Kh7
58.Qh2+ Rh4 59.Qc2 Rh3+ 60.Kg2 Re3 61.Kf1 Qa1+ 62.Qc1 Qxc1+ 63.Rxc1 Kg7 64.Kf2 Rxb3
65.Rh1 Rb4 66.Kf3 Rxa4 67.Rh5 Rb4 68.Rg5+ Kf6 69.Rh5 Re4 70.Rh7 Kxf5 71.Rxe7 b5  0-1

[Event "XXVIII Open"]
[Site "Zalakaros HUN"]
[Date "2009.05.14"]
[Round "7"]
[White "Hrbolka,L sr"]
[Black "Varga,Kl"]
[Result "1/2-1/2"]
[WhiteElo "2163"]
[BlackElo "2117"]

1.d4 f5 2.Nf3 Nf6 3.c4 g6 4.g3 Bg7 5.Bg2 O-O 6.O-O d6 7.Nc3 Qe8 8.d5 Na6
9.Nd4 Bd7 10.b3 c6 11.Bb2 Nc7 12.Qd2 Rb8 13.Rad1 c5 14.Nc2 b5 15.cxb5 Nxb5
16.Nxb5 Bxb5 17.Ne3 a5 18.Rb1 a4 19.Nc4 axb3 20.axb3 Bxc4 21.bxc4 Qa4 22.Rfc1 Rb4
23.Qd3 Rfb8 24.Bxf6 Bxf6 25.Rxb4 Rxb4 26.Bf3 Rb3 27.Qd1 Qa3 28.Kg2 Kg7 29.h4 f4
30.h5 fxg3 31.hxg6 hxg6 32.Kxg3 Rc3 33.Rxc3 Qxc3 34.Qd3 Qe5+ 35.Kg2 Qg5+
36.Kf1 Be5 37.e3 Qh4 38.Qe4 Qh3+ 39.Bg2 Qd7 40.Bf3 Qh3+  1/2-1/2

[Event "It"]
[Site "Ratten AUT"]
[Date "2009.05.22"]
[Round "3"]
[White "Kragelj,I"]
[Black "Gruber,Mic"]
[Result "1/2-1/2"]
[WhiteElo "2232"]
[BlackElo "2121"]

1.d4 f5 2.g3 Nf6 3.Bg2 g6 4.Nf3 Bg7 5.O-O O-O 6.c4 d6 7.Nc3 Qe8 8.d5 a5 9.Nd4 Na6
10.e4 fxe4 11.Nxe4 Nxe4 12.Bxe4 Bh3 13.Re1 Nc5 14.Bh1 Qf7 15.Be3 Rae8 16.Qd2 e5
17.dxe6 Nxe6 18.Nxe6 Bxe6 19.Rac1 b6 20.Bc6 Bd7 21.Bd5 Be6 22.Bc6 Bd7 23.Bd5 Be6  1/2-1/2

[Event "Global Chess"]
[Site "Ulan Bator MGL"]
[Date "2009.05.22"]
[Round "6"]
[White "Sorensen,To"]
[Black "Tuvshintugs,B"]
[Result "1/2-1/2"]
[WhiteElo "2401"]
[BlackElo "2286"]

1.Nf3 f5 2.d4 Nf6 3.g3 g6 4.Bg2 Bg7 5.O-O O-O 6.c4 d6 7.Nc3 Qe8 8.Qb3 Na6
9.c5+ Kh8 10.cxd6 exd6 11.Be3 Nh5 12.d5 f4 13.Bd4 Bxd4 14.Nxd4 fxg3 15.hxg3 Nxg3
16.fxg3 Qe3+ 17.Kh2 Qh6+ 18.Kg1 Qe3+ 19.Kh2 Qh6+ 20.Kg1 Qe3+  1/2-1/2

[Event "3rd ENCI Limburg Open"]
[Site "Maastricht NED"]
[Date "2009.05.29"]
[Round "1"]
[White "Skutta,B"]
[Black "Reyniers,P"]
[Result "1-0"]
[WhiteElo "2130"]
[BlackElo "2024"]

1.d4 f5 2.Nf3 Nf6 3.c4 g6 4.g3 Bg7 5.Bg2 O-O 6.O-O d6 7.Nc3 Qe8 8.d5 a5 9.Rb1 Na6
10.a3 h6 11.Nd4 Nc5 12.b4 axb4 13.axb4 Nfe4 14.Ncb5 Na6 15.f3 Nf6 16.Be3 g5
17.Qd3 f4 18.Bf2 c6 19.Nc3 Nc7 20.dxc6 bxc6 21.b5 Bd7 22.b6 Na6 23.Nf5 Bxf5
24.Qxf5 e6 25.Qd3 Qe7 26.Rfd1 Rad8 27.Ne4 Nxe4 28.Qxe4 c5 29.Bh3 Rfe8 30.Qc6 Be5
31.Qe4 Kg7 32.Bg4 Rb8 33.Bh5 Rf8 34.g4 Rf6 35.Rb5 Qb7 36.Qb1 Nb4 37.h4 Ra8
38.hxg5 hxg5 39.Kg2 Ra1 40.Qb3 Ra6 41.Rh1 Rxb6 42.Qb1 Rxb5 43.Be8 Kg8 44.cxb5 Qe7
45.Bg6 Qg7 46.Bh7+ Kf8 47.Qe4 Nd5 48.Qa4 Qb7 49.Be4 Rf7 50.Qa5 Ke7 51.Bg6 Rg7
52.Rh8 Kf6 53.Be4 Qb6 54.Qa8 Rf7 55.Qe8 Rd7  1-0

[Event "3rd ENCI Limburg Open"]
[Site "Maastricht NED"]
[Date "2009.05.29"]
[Round "1"]
[White "Hetey,L"]
[Black "In 't Veld,D"]
[Result "1/2-1/2"]
[WhiteElo "2347"]
[BlackElo "2168"]

1.d4 f5 2.Nf3 Nf6 3.g3 g6 4.Bg2 Bg7 5.O-O O-O 6.c4 d6 7.Nc3 Qe8 8.d5 a5 9.Be3 Na6
10.Qd2 Bd7 11.Bh6 Qf7 12.Bxg7 Qxg7 13.Nd4 Nc5 14.b3 Rac8 15.a3 c6 16.Rfd1 Qf7
17.Qb2 Nce4 18.dxc6 bxc6 19.Rac1 Rb8 20.Qc2 Ng4 21.Rf1 Qg7 22.Nxe4 Qxd4 23.e3 Nxe3
24.fxe3 Qxe3+ 25.Nf2 Qxb3 26.c5 Qxc2 27.Rxc2 d5 28.Re1 e6 29.Nd3 Rb3 30.Ne5 Be8
31.Kf2 Kg7 32.Re3 Rb5 33.Bf1 f4 34.gxf4 Rxf4+ 35.Kg2 Rb1 36.Ba6 g5 37.Bc8 d4
38.Rg3 Re4 39.Nf3 Bg6 40.Nxg5 d3 41.Rf2 Re2 42.Nxe6+ Kh8 43.Rf3 Be4 44.Kh3 Bxf3
45.Rxf3 Re3 46.Rxe3 d2 47.Rd3 Rb3 48.Rxb3 d1=Q 49.Re3  1/2-1/2

[Event "zt 3.4"]
[Site "Tashkent UZB"]
[Date "2009.06.23"]
[Round "10"]
[White "Annaberdiyev,B"]
[Black "Dzhumaev,M"]
[Result "1-0"]
[WhiteElo "2244"]
[BlackElo "2552"]

1.d4 f5 2.Nf3 Nf6 3.g3 g6 4.Bg2 Bg7 5.O-O O-O 6.c4 d6 7.b4 c6 8.a4 Na6 9.b5 Nc7
10.Qb3 Kh8 11.Nc3 h6 12.Nh4 Qe8 13.e4 fxe4 14.Nxe4 g5 15.Nxf6 Bxf6 16.Nf3 Bg4
17.Bb2 Ne6 18.bxc6 bxc6 19.d5 Bxf3 20.Bxf3 Nd4 21.Bxd4 Bxd4 22.Rae1 c5 23.Re6 Rb8
24.Qd3 Bf6 25.Rfe1 Qf7 26.Kg2 Rb7 27.Bd1 Qh7 28.R6e4 Be5 29.h3 Qf5 30.R1e2 Rf7
31.Bc2 Rb8 32.Qa3 Qf6 33.f3 a5 34.Qd3 Rbf8 35.Rf2 h5 36.h4 Rg8 37.hxg5 Rxg5
38.f4 h4 39.Rf3 Rxg3+ 40.Rxg3 hxg3 41.Re1 Qxf4 42.Rf1 Qh6 43.Rxf7 Qh2+ 44.Kf3 Qf2+
45.Kg4 Qxf7 46.Qe4 Qg7+ 47.Kh3 Qh6+ 48.Kg4 e6 49.dxe6 Qxe6+ 50.Kf3 Qh3 51.Qg6 g2+
52.Ke2 g1=N+ 53.Qxg1 Bg3 54.Qe3 Qg4+ 55.Qf3 Qxc4+ 56.Bd3 Qe6+ 57.Kf1 Qh3+
58.Ke2  1-0

[Event "Intomart GfK Open"]
[Site "Hilversum NED"]
[Date "2009.07.04"]
[Round "8"]
[White "Giri,A"]
[Black "Reinderman,D"]
[Result "1/2-1/2"]
[WhiteElo "2517"]
[BlackElo "2560"]

1.d4 f5 2.Nf3 Nf6 3.g3 g6 4.Bg2 Bg7 5.O-O O-O 6.c4 d6 7.Nc3 c6 8.Rb1 Ne4
9.Qc2 Nxc3 10.bxc3 Qa5 11.c5 dxc5 12.Qb3+ e6 13.Bf4 Re8 14.Ne5 cxd4 15.cxd4 Qd8
16.Qc2 g5 17.Be3 Nd7 18.Nxd7 Qxd7 19.Bxg5 Qxd4 20.Rfd1 Qc3 21.Qa4 h6 22.Rd3 Qe5
23.Bf4 Qxe2 24.Rbd1 Kh7 25.Bf3 Qb2 26.Bc1 Qe5 27.Qh4 Qf6 28.Qh5 Rg8 29.Rd6 Qg6
30.Rd8 Qxh5 31.Bxh5 Bf6 32.Rxg8 Kxg8 33.Bxh6 c5 34.Bf4 Kg7 35.Bd6 c4 36.Rc1 c3
37.Bb4 Bd7 38.Bxc3 Bc6 39.Bd2 a5 40.Be3 a4 41.Be2 Rd8 42.f3 Bb2 43.Rc5 Bd4  1/2-1/2